000 00656nam a2200205Ii 4500
003 JO-AjNU
008 230605s9999||||xx |||||||||||||| ||und||
040 _aJO-AjNU
_bara
_erda
_cJO-AjNU
041 _aara
050 1 4 _aBL2747.3.R35.1997
100 3 _aعوض، رمسيس,
_eauthor
_936045
245 0 0 _aالإلحاد في الغرب
250 _aط1
264 3 1 _aالقاهرة-بيروت:سينا للنشر ، الانتشارالعربي ،1991
300 _a284ص
336 _atext
_btxt
_2rdacontent
337 _aunmediated
_bn
_2rdamedia
338 _avolume
_bnc
_2rdacarrier
650 4 _aفلاسفة يونانيين-الحاد
_936046
999 _aA14940
_c18508
_d18508